000 00725nam a2200241Ia 4500
003 OSt
005 20220923213814.0
006 a|||||r|||| 00| 0
007 ta
008 220922b |||||||| |||| 00| 0 hin d
024 _a164,676
037 _cTextual
040 _aARTS
_cARTS
_bhin
041 _2hin
_ahin
082 _aO152,1NHIx, G9
100 _aसिंह, गोपाल शरण
245 0 _aमाधवी
246 _aMādhavī
260 _aप्रयाग
_b इंडियन प्रेस
_c1938
650 _aहिन्दी साहित्य
_9156264
942 _hO152,1NHIx, G9
_cTEXL
_2CC
999 _c319155
_d319155